| 000 | 00818nam a2200265Ia 4500 | ||
|---|---|---|---|
| 003 | OSt | ||
| 005 | 20220918171047.0 | ||
| 006 | a|||||r|||| 00| 0 | ||
| 007 | ta | ||
| 008 | 220917b |||||||| |||| 00| 0 eng d | ||
| 020 |
_a9781138542792 (pbk) _cUKP 36.99 |
||
| 024 | _a351,878 | ||
| 037 |
_b8708, 11/12/2019, Efficient Book Distributors _cTextual |
||
| 040 |
_aARTS _cARTS _beng |
||
| 041 |
_2eng _aeng |
||
| 082 | _aS, R0 | ||
| 100 |
_aPaek Insu Au. _933740 |
||
| 245 | 0 | _aUsing R for item response theory model applications | |
| 260 |
_aLondon _bRoutledge UK _c2020 |
||
| 300 |
_aviii,271p. _ccm. |
||
| 650 | _aPSYCHOLOGY | ||
| 700 |
_a Cole Ki Au. _933741 |
||
| 942 |
_hS, R0 _cTEXL _2CC |
||
| 999 |
_c137646 _d137646 |
||